[Event "Titled Tuesday intern op 18th Oct Late"]
[Site "Chess.com INT"]
[Date "2022.10.18"]
[Round "9"]
[White "Drost, Peter"]
[Black "Floresvillar Gonzalez, Luis Miguel"]
[Result "1-0"]
[WhiteElo "2158"]
[BlackElo "2084"]
[PlyCount "147"]
[EventDate "2022.10.18"]
[EventType "swiss (blitz)"]
[EventRounds "11"]
[EventCountry "USA"]
[SourceTitle "EXT 2024"]
[Source "ChessBase"]
[SourceDate "2023.10.10"]
[SourceVersion "1"]
[SourceVersionDate "2023.10.10"]
[SourceQuality "1"]

1. e4 c6 2. d4 d5 3. Nd2 dxe4 4. Nxe4 Bf5 5. Ng3 Bg6 6. h4 h6 7. Nf3 Nd7 8. h5 Bh7 9. Bd3 Bxd3 10. Qxd3 e6 11. Bd2 Ngf6 12. 0-0-0 Qb6 13. Kb1 0-0-0 14. Qe2 Bb4 15. c3 Ba3 16. Bc1 Rhe8 17. Ka1 Bd6 18. Ne5 Bxe5 19. dxe5 Nd5 20. c4 Nb4 21. a3 Na6 22. Ne4 Nxe5 23. Nd6+ Rxd6 24. Rxd6 Qc5 25. Rhd1 Nxc4 26. R6d4 b5 27. Be3 Qf5 28. Rd7 Nxe3 29. Qxe3 Qc5 30. Qxc5 Nxc5 31. Rxf7 e5 32. Rc1 Nb3+ 33. Kb1 Nxc1 34. Kxc1 Rg8 35. Rxa7 Kb8 36. Re7 Rf8 37. f3 Rf5 38. Rxg7 Rxh5 39. Kc2 Rh2 40. Kd3 h5 41. Rg5 h4 42. Ke4 h3 43. gxh3 Rxh3 44. Rxe5 Rh2 45. b4 Ra2 46. Kf5 Rxa3 47. f4 Rb3 48. Re4 Kc7 49. Ke6 Rf3 50. f5 c5 51. bxc5 Kc6 52. Re5 b4 53. f6 b3 54. f7 b2 55. Re1 Re3+ 56. Rxe3 b1Q 57. f8Q Qa2+ 58. Ke7 Qd2 59. Re6+ Kb5 60. Qb8+ Kc4 61. Qd6 Qg5+ 62. Kd7 Qg7+ 63. Re7 Qg2 64. Kc7 Kb5 65. Qb6+ Kc4 66. Qe6+ Kb5 67. Qb6+ Kc4 68. c6 Qg3+ 69. Kb7 Qf3 70. Rd7 Qf5 71. Rd4+ Kc3 72. Qb4+ Kc2 73. Rd2+ Kc1 74. Qb2# 1-0

[Event "Titled Tuesday intern op 18th Oct Late"]
[Site "Chess.com INT"]
[Date "2022.10.18"]
[Round "7"]
[White "Drost, Peter"]
[Black "Thiel, Thomas"]
[Result "0-1"]
[WhiteElo "2158"]
[BlackElo "2230"]
[PlyCount "80"]
[EventDate "2022.10.18"]
[EventType "swiss (blitz)"]
[EventRounds "11"]
[EventCountry "USA"]
[SourceTitle "EXT 2024"]
[Source "ChessBase"]
[SourceDate "2023.10.10"]
[SourceVersion "1"]
[SourceVersionDate "2023.10.10"]
[SourceQuality "1"]

1. e4 d5 2. Nc3 dxe4 3. Nxe4 Nf6 4. Nxf6+ exf6 5. d4 Bd6 6. c3 0-0 7. Bd3 Re8+ 8. Ne2 Nd7 9. Qc2 Nf8 10. Be3 g6 11. h4 h5 12. 0-0-0 a5 13. Kb1 a4 14. c4 a3 15. b3 Bb4 16. Nc3 Bg4 17. Rc1 Bxc3 18. Qxc3 Qd6 19. Bc2 Qd7 20. Rce1 Bf5 21. d5 Bxc2+ 22. Qxc2 Qg4 23. g3 Nd7 24. Qd1 Qxd1+ 25. Rxd1 Ne5 26. Bd4 Kg7 27. Rhe1 b6 28. Re2 Nf3 29. Rxe8 Rxe8 30. Be3 Re4 31. Kc2 Ne5 32. Bc1 Re2+ 33. Rd2 Re1 34. Bxa3 Nf3 35. Rd1 Re2+ 36. Kb1 Rxf2 37. d6 cxd6 38. Bxd6 Nd2+ 39. Ka1 Ne4 40. Bc7 Nc3 0-1

[Event "Titled Tuesday intern op 18th Oct Late"]
[Site "Chess.com INT"]
[Date "2022.10.18"]
[Round "4"]
[White "Goryachkina, Aleksandra"]
[Black "Drost, Peter"]
[Result "1-0"]
[WhiteElo "2584"]
[BlackElo "2158"]
[PlyCount "81"]
[EventDate "2022.10.18"]
[EventType "swiss (blitz)"]
[EventRounds "11"]
[EventCountry "USA"]
[SourceTitle "EXT 2024"]
[Source "ChessBase"]
[SourceDate "2023.10.10"]
[SourceVersion "1"]
[SourceVersionDate "2023.10.10"]
[SourceQuality "1"]

1. e4 c5 2. Nf3 d6 3. Bb5+ Bd7 4. Bxd7+ Qxd7 5. 0-0 Nc6 6. c3 d5 7. d3 g6 8. Be3 d4 9. cxd4 Nxd4 10. Nxd4 cxd4 11. Bf4 Bg7 12. Nd2 e5 13. Bg3 Ne7 14. Nc4 Nc6 15. f4 exf4 16. Bxf4 0-0 17. Qf3 b5 18. Nd2 Rac8 19. Qg3 Nb4 20. Bd6 Nc2 21. Bxf8 Rxf8 22. Rac1 Ne3 23. Rf3 Qe6 24. h3 Qxa2 25. Nf1 Qxb2 26. Re1 a5 27. e5 a4 28. Nxe3 dxe3 29. Rfxe3 Qd4 30. Kh1 a3 31. Re4 Qc3 32. Qf2 Ra8 33. Qa2 b4 34. Qd5 Rc8 35. e6 fxe6 36. Rxe6 Kh8 37. Re8+ Bf8 38. Qf7 Qxe1+ 39. Rxe1 a2 40. Qxa2 Bd6 41. Qe6 1-0

[Event "World Corporate East E"]
[Site "Chess.com INT"]
[Date "2021.02.20"]
[Round "5.5"]
[White "Yurikov, Pavel"]
[Black "Drost, Peter"]
[Result "0-1"]
[WhiteElo "1781"]
[BlackElo "2158"]
[PlyCount "146"]
[EventDate "2021.02.19"]
[EventType "team (rapid)"]
[EventRounds "7"]
[EventCountry "USA"]
[SourceTitle "EXT 2022"]
[Source "ChessBase"]
[SourceDate "2021.10.06"]
[SourceVersion "1"]
[SourceVersionDate "2021.10.06"]
[SourceQuality "1"]
[WhiteTeam "Rosseti"]
[BlackTeam "Emirates"]
[WhiteTeamCountry "RUS"]
[BlackTeamCountry "UAE"]

1. d4 Nf6 2. c4 g6 3. Nf3 d6 4. g3 c6 5. Bg2 Bg7 6. Nc3 0-0 7. 0-0 Qa5 8. e4 e5 9. Be3 Nbd7 10. Qc2 Ng4 11. Bd2 exd4 12. Nb5 Qb6 13. Nxd6 a5 14. h3 Nge5 15. Rab1 Nxf3+ 16. Bxf3 Ne5 17. Bg2 Qc5 18. Nxc8 Rfxc8 19. b3 b5 20. Rbc1 bxc4 21. bxc4 a4 22. Bf4 a3 23. Bxe5 Bxe5 24. Qd3 Rcb8 25. Rb1 Rb2 26. Ra1 Ra4 27. Rfc1 Bc7 28. Bf1 Ba5 29. Qd1 Rab4 30. Qd3 Rb7 31. Qf3 Kg7 32. h4 h5 33. Kh2 Re7 34. Kh3 Re6 35. Qd3 Rxf2 36. Bg2 Qe5 37. Rf1 Rxf1 38. Rxf1 Bc3 39. Bf3 c5 40. Rb1 Rf6 41. Rb7 Be1 42. Bg2 Qe6+ 43. Kh2 Qg4 44. e5 Rf2 45. Rb3 Rxa2 46. Rxa3 Rxa3 47. Qxa3 Qe2 48. Qf3 Qxe5 49. Qd5 Qe7 50. Qe4 Qxe4 51. Bxe4 Kf6 52. Kg2 Ke5 53. Kf3 Bd2 54. Bd3 g5 55. Ke2 Bc1 56. Kf3 gxh4 57. gxh4 Bd2 58. Kg3 Be1+ 59. Kh3 Kf4 60. Be2 Ke3 61. Bxh5 f6 62. Kg4 d3 63. Kf5 Bxh4 64. Ke6 Kd4 65. Kd6 Kxc4 66. Ke6 Kd4 67. Kf5 c4 68. Kg4 Ke3 69. Kxh4 c3 70. Kg3 c2 71. Kg4 c1Q 72. Kf5 Qf1+ 73. Ke6 d2 0-1

[Event "Bossum Pinkster op-A"]
[Site "Bossum"]
[Date "2010.05.24"]
[Round "6"]
[White "Witt, Rob"]
[Black "Drost, Peter"]
[Result "1-0"]
[WhiteElo "2221"]
[BlackElo "2084"]
[PlyCount "105"]
[EventDate "2010.05.21"]
[EventType "swiss"]
[EventRounds "7"]
[EventCountry "NED"]
[SourceTitle "CBM 136 Extra"]
[Source "ChessBase"]
[SourceDate "2010.07.02"]
[SourceVersion "2"]
[SourceVersionDate "2010.07.15"]
[SourceQuality "1"]

1. d4 Nf6 2. c4 c5 3. d5 e6 4. Nc3 exd5 5. cxd5 d6 6. Nf3 g6 7. Bf4 a6 8. a4 Bg7 9. h3 0-0 10. Nd2 Re8 11. e3 Nh5 12. Bh2 Nd7 13. Be2 Ne5 14. 0-0 f5 15. f4 Nf7 16. Nc4 Bd7 17. Kh1 b5 18. axb5 Bxb5 19. Na5 Rxe3 20. Nc6 Bxe2 21. Nxe2 Qh4 22. Ra3 Rae8 23. Rxe3 Rxe3 24. Qd2 Re4 25. Nc3 Re8 26. Qd3 Re1 27. Kg1 Nd8 28. g3 Rxf1+ 29. Qxf1 Qf6 30. g4 Nxc6 31. dxc6 fxg4 32. hxg4 d5 33. c7 Qc6 34. gxh5 Bd4+ 35. Kg2 Qxc7 36. hxg6 hxg6 37. Qxa6 Qb8 38. Qxg6+ Bg7 39. Qe6+ Kh8 40. Nxd5 Qxb2+ 41. Kh3 Qf2 42. Bg3 Qf3 43. Ne7 Qh5+ 44. Kg2 Kh7 45. f5 Qg5 46. Qe4 Qf6 47. Nd5 Qd4 48. Qe6 Qd2+ 49. Kf3 Qh6 50. f6 Bxf6 51. Nxf6+ Kg7 52. Ne8+ Kf8 53. Bd6# 1-0

[Event "Dieren op"]
[Site "Dieren"]
[Date "2006.07.31"]
[Round "6"]
[White "Schuurman, Petra"]
[Black "Drost, Peter"]
[Result "1/2-1/2"]
[WhiteElo "2219"]
[BlackElo "2118"]
[PlyCount "49"]
[EventDate "2006.07.25"]
[EventType "swiss"]
[EventRounds "9"]
[EventCountry "NED"]
[SourceTitle "CBM 113 Extra"]
[Source "ChessBase"]
[SourceDate "2006.09.14"]
[SourceVersion "1"]
[SourceVersionDate "2006.09.14"]
[SourceQuality "1"]

1. Nf3 Nf6 2. c4 g6 3. Nc3 Bg7 4. e4 d6 5. d4 0-0 6. Be2 e5 7. Be3 Na6 8. 0-0 Ng4 9. Bg5 Qe8 10. Rc1 h6 11. Bh4 f5 12. exf5 gxf5 13. dxe5 dxe5 14. h3 Nf6 15. Nd5 Nxd5 16. Qxd5+ Kh7 17. Nh2 Nb4 18. Qd2 Nc6 19. Qd1 Be6 20. Bh5 Bf7 21. Bxf7 Rxf7 22. Qh5 Nd4 23. Rfe1 Rd7 24. Qxe8 Rxe8 25. Kf1 1/2-1/2

[Event "Dieren op"]
[Site "Dieren"]
[Date "2006.07.29"]
[Round "5"]
[White "Timman, Ton"]
[Black "Drost, Peter"]
[Result "1/2-1/2"]
[WhiteElo "2260"]
[BlackElo "2118"]
[PlyCount "70"]
[EventDate "2006.07.25"]
[EventType "swiss"]
[EventRounds "9"]
[EventCountry "NED"]
[SourceTitle "CBM 113 Extra"]
[Source "ChessBase"]
[SourceDate "2006.09.14"]
[SourceVersion "1"]
[SourceVersionDate "2006.09.14"]
[SourceQuality "1"]

1. Nf3 Nf6 2. c4 g6 3. Nc3 Bg7 4. e4 d6 5. d4 0-0 6. Be2 e5 7. d5 a5 8. Bg5 h6 9. Bh4 Qe8 10. Nd2 Na6 11. a3 Bd7 12. b3 Nh7 13. f3 h5 14. Bf2 Qe7 15. b4 axb4 16. axb4 Nxb4 17. Rb1 c5 18. dxc6 Nxc6 19. Rxb7 Qe6 20. 0-0 Rab8 21. Rxb8 Rxb8 22. Nb5 Qe7 23. Nb1 Bf8 24. Qd2 Be6 25. Rd1 Rd8 26. Bb6 Rd7 27. N1c3 f6 28. Nd5 Qf7 29. Ndc7 h4 30. Ra1 Ng5 31. Ra8 Kh7 32. Nxe6 Nxe6 33. Qd5 Nb4 34. Qd2 Nc6 35. Qd5 Nb4 1/2-1/2

[Event "Dieren op"]
[Site "Dieren"]
[Date "2006.07.28"]
[Round "4"]
[White "Drost, Peter"]
[Black "Heemskerk, Wim"]
[Result "0-1"]
[WhiteElo "2118"]
[BlackElo "2298"]
[PlyCount "96"]
[EventDate "2006.07.25"]
[EventType "swiss"]
[EventRounds "9"]
[EventCountry "NED"]
[SourceTitle "CBM 113 Extra"]
[Source "ChessBase"]
[SourceDate "2006.09.14"]
[SourceVersion "1"]
[SourceVersionDate "2006.09.14"]
[SourceQuality "1"]

1. d4 e6 2. e4 d5 3. Nc3 Bb4 4. e5 Ne7 5. a3 Bxc3+ 6. bxc3 c5 7. Qg4 0-0 8. Bd3 f5 9. exf6 Rxf6 10. Qh5 g6 11. Qd1 Nbc6 12. Nf3 Bd7 13. 0-0 c4 14. Be2 Qc7 15. g3 Re8 16. Rb1 b6 17. h4 Nc8 18. Nh2 h5 19. Bg5 Rf7 20. g4 Nd6 21. gxh5 Ne4 22. hxg6 Rxf2 23. Rxf2 Nxf2 24. Kxf2 Qxh2+ 25. Ke3 e5 26. Qf1 exd4+ 27. Kd2 Rf8 28. Qxf8+ Kxf8 29. Rf1+ Kg7 30. Rf7+ Kxg6 31. Rxd7 dxc3+ 32. Kxc3 Qh3+ 33. Bd3+ Kh5 34. Rxd5 cxd3 35. Rxd3 Qf5 36. Kb2 b5 37. Kb1 Qc5 38. Be3 Qc4 39. Kb2 Kxh4 40. Rb3 a6 41. Rd3 Kg3 42. Bd2+ Kf2 43. Bc3 Qe4 44. Kb3 a5 45. Kb2 b4 46. axb4 axb4 47. Bd2 Ne5 48. Be3+ Ke2 0-1

[Event "Dieren op"]
[Site "Dieren"]
[Date "2006.07.26"]
[Round "2"]
[White "Van Kerkhof, David"]
[Black "Drost, Peter"]
[Result "0-1"]
[WhiteElo "2196"]
[BlackElo "2118"]
[PlyCount "56"]
[EventDate "2006.07.25"]
[EventType "swiss"]
[EventRounds "9"]
[EventCountry "NED"]
[SourceTitle "CBM 113 Extra"]
[Source "ChessBase"]
[SourceDate "2006.09.14"]
[SourceVersion "1"]
[SourceVersionDate "2006.09.14"]
[SourceQuality "1"]

1. e4 c5 2. Nf3 d6 3. d4 cxd4 4. Nxd4 Nf6 5. Nc3 g6 6. Be3 Bg7 7. f3 Nc6 8. Qd2 0-0 9. 0-0-0 d5 10. exd5 Nxd5 11. Nxc6 bxc6 12. Bd4 Nxc3 13. Qxc3 Bh6+ 14. Be3 Bxe3+ 15. Qxe3 Qb6 16. Qxe7 Be6 17. Qa3 Rad8 18. Bd3 Rd5 19. Rhe1 Ra5 20. Qc3 Rxa2 21. Kb1 Rb8 22. b3 Qa5 23. Qe5 Rb4 24. Bf1 c5 25. Qf6 Rd4 26. Rxd4 Ra1+ 27. Kb2 Qa3+ 28. Kc3 cxd4+ 0-1

[Event "Hoogeveen Essent op"]
[Site "Hoogeveen"]
[Date "2005.10.22"]
[Round "2"]
[White "Drost, Peter"]
[Black "Wiersma, Eelke"]
[Result "1/2-1/2"]
[WhiteElo "2190"]
[BlackElo "2431"]
[PlyCount "68"]
[EventDate "2005.10.21"]
[EventType "swiss"]
[EventRounds "9"]
[EventCountry "NED"]
[SourceTitle "EXT 2006"]
[Source "ChessBase"]
[SourceDate "2005.11.24"]
[SourceVersion "1"]
[SourceVersionDate "2005.11.24"]
[SourceQuality "1"]

1. e4 c5 2. Nf3 Nc6 3. d4 cxd4 4. Nxd4 Nf6 5. Nc3 e5 6. Ndb5 d6 7. Bg5 a6 8. Na3 b5 9. Nd5 Be7 10. Bxf6 Bxf6 11. c3 Bg5 12. Nc2 Ne7 13. Nxe7 Qxe7 14. Bd3 0-0 15. 0-0 f5 16. a4 Bb7 17. axb5 axb5 18. exf5 Rxa1 19. Qxa1 e4 20. Bxb5 e3 21. Qa2+ Kh8 22. Qe6 exf2+ 23. Rxf2 Qc7 24. Nd4 Bf6 25. Qd7 Qb6 26. Ne6 Ra8 27. Nc7 Ra1+ 28. Bf1 Qc6 29. Qf7 h6 30. Ne8 Bd4 31. cxd4 Rxf1+ 32. Kxf1 Ba6+ 33. Re2 Qc1+ 34. Kf2 Qf4+ 1/2-1/2